| 000 | 00459nam a2200145 i 4500 | ||
|---|---|---|---|
| 001 | 152785 | ||
| 003 | ES-MaACL | ||
| 005 | 20230906204855.0 | ||
| 008 | 931025s1886 cl |||| | spa d | ||
| 100 | 1 |
_aBruner, J. Juan. _9126203 |
|
| 245 | 1 | 3 |
_aLa experiencia y la especulacion / _cJ. Juan Bruner. |
| 260 |
_aSantiago de Chile : _b[s.n.], _c1886 ( _fImp. Gutenberg) |
||
| 300 |
_aVII p., 1 h., 318 p. ; _c22 cm. |
||
| 852 |
_aES-MaACL _jG-10819 _z-- Enc. pasta |
||
| 999 |
_c152785 _d152785 |
||